[Event "4. Bayer Open"]
[Site "Leverkusen"]
[Date "2007.03.26"]
[Round "7"]
[White "Birnkott, Manfred"]
[Black "Remmler, Dirk"]
[Result "1/2-1/2"]
[WhiteElo "1905"]
[BlackElo "1787"]
[PlyCount "169"]
[EventDate "2007.??.??"]
[EventType "swiss"]
[EventRounds "7"]
[EventCountry "GER"]
[Source "Manfred Birnkot"]
[SourceDate "2007.03.26"]

1. e4 e6 2. d4 d5 3. Nc3 Bb4 4. Nge2 Nc6 5. Be3 dxe4 6. a3 Bxc3+ 7. Nxc3 Nge7
8. Nxe4 e5 9. dxe5 Qxd1+ 10. Rxd1 Nxe5 11. Bd4 N7c6 12. Bb5 O-O 13. Bc5 Re8 14.
O-O a6 15. Ba4 b5 16. Bb3 Be6 17. Bxe6 Rxe6 18. Ng5 Rg6 19. f4 h6 20. Ne4 f5
21. Ng3 Nc4 22. b3 Nd6 23. Bxd6 Rxd6 24. Rxd6 cxd6 25. Nxf5 d5 26. Rd1 Rd8 27.
Nd4 Ne7 28. Re1 Rd7 29. Re6 Ra7 30. g4 Kf7 31. Kf2 g6 32. h3 Ra8 33. Rd6 Ra7
34. f5 gxf5 35. gxf5 Ng8 36. Rg6 Ra8 37. Kf3 Rc8 38. Kf4 Rc3 39. h4 a5 40. Rb6
Rh3 41. Nf3 Nf6 42. Ne5+ Kg7 43. Rb7+ Kg8 44. Ng6 Rc3 45. Rxb5 a4 46. Rb4 Rxc2
47. Rxa4 Re2 48. Kf3 Re1 49. Kf2 Rb1 50. Ra8+ Kg7 51. Rb8 Ne4+ 52. Ke3 Nd6 53.
h5 Nxf5+ 54. Kf4 Nd4 55. b4 Rf1+ 56. Kg4 Rg1+ 57. Kf4 Rf1+ 58. Ke3 Nc2+ 59. Ke2
Rh1 60. Nf4 Nxa3 61. Rb7+ Kg8 62. Nxd5 Kf8 63. Nf6 Rh3 64. b5 Rb3 65. b6 Nc4
66. Nd5 Rb5 67. Rb8+ Kg7 68. Kd3 Nxb6 69. Nxb6 Rxh5 70. Rb7+ Kg6 71. Nc4 Rh3+
72. Ne3 h5 73. Ke2 Rh2+ 74. Kf3 Rh3+ 75. Kf2 Rh2+ 76. Ng2 Kf6 77. Rb6+ Kg7 78.
Rb3 Rh1 79. Nf4 Rh2+ 80. Kg3 Rh1 81. Nh3 Ra1 82. Rb5 Ra3+ 83. Kh4 Ra4+ 84. Kxh5
Kf6 85. Nf2 {1/2-1/2 Birnkott-Remmler} 1/2-1/2

[Event "4. Bayer Open"]
[Site "Leverkusen"]
[Date "2007.03.26"]
[Round "7"]
[White "Gnass, Arno"]
[Black "Karwatzki, Hans-Jürgen"]
[Result "0-1"]
[WhiteElo "1783"]
[BlackElo "1539"]
[PlyCount "114"]
[EventDate "2007.??.??"]
[EventType "swiss"]
[EventRounds "7"]
[EventCountry "GER"]
[Source "Manfred Birnkot"]
[SourceDate "2007.03.26"]

1. d4 Nf6 2. c4 e5 3. dxe5 Ng4 4. Nf3 Nc6 5. Bf4 Bc5 6. e3 f6 7. Nd4 Bb4+ 8.
Nc3 Ngxe5 9. Be2 d5 10. Nxc6 bxc6 11. cxd5 Bxc3+ 12. bxc3 cxd5 13. Bb5+ c6 14.
Bxe5 cxb5 15. Bd4 O-O 16. O-O a6 17. Qf3 Qd7 18. Rfd1 Qf5 19. Qxf5 Bxf5 20. Rd2
Be6 21. f4 Rac8 22. a4 bxa4 23. Rxa4 Rc6 24. Ra5 Ra8 25. Rb2 Kf7 26. h4 Kg6 27.
Kf2 h5 28. g3 Rd6 29. Rb7 Rc6 30. Ke2 Bg4+ 31. Kd2 Be6 32. Ke2 Bg4+ 33. Kf2 Be6
34. Ra3 a5 35. Rb5 Rca6 36. Rc5 a4 37. Rc7 Rb8 38. Bc5 Rb2+ 39. Ke1 Bf5 40. Ra1
Rh2 41. Bf8 Be4 42. Rxg7+ Kf5 43. Rd1 Rh1+ 44. Kd2 Rxd1+ 45. Kxd1 a3 46. Bxa3
Rxa3 47. Kd2 Ra2+ 48. Ke1 Rg2 49. Kf1 Bf3 50. Rg8 Ke4 51. c4 dxc4 52. Re8+ Kd3
53. Re6 c3 54. Re8 c2 55. Rd8+ Kxe3 56. Re8+ Be4 57. Rc8 Rh2 0-1

[Event "4. Bayer Open"]
[Site "Leverkusen"]
[Date "2007.03.26"]
[Round "7"]
[White "Schmitz, Andreas"]
[Black "Wieland, Ingo"]
[Result "1-0"]
[WhiteElo "1880"]
[BlackElo "1688"]
[PlyCount "120"]
[EventDate "2007.??.??"]
[EventType "swiss"]
[EventRounds "7"]
[EventCountry "GER"]
[Source "Manfred Birnkot"]
[SourceDate "2007.03.26"]

1. Nf3 d5 2. d4 Nf6 3. e3 Bf5 4. c4 e6 5. Qb3 Qc8 6. Nc3 c6 7. Be2 Nbd7 8. Nh4
Bg6 9. O-O Be7 10. g3 Qc7 11. Ng2 O-O 12. Bd2 Ne4 13. Nxe4 Bxe4 14. Rac1 Rac8
15. f3 Bg6 16. Nf4 Bd6 17. Kf2 Bxf4 18. gxf4 Nf6 19. Bd3 Bxd3 20. Qxd3 dxc4 21.
Qxc4 Nd5 22. Rg1 Qe7 23. Rg2 Qh4+ 24. Ke2 Qf6 25. Rcg1 g6 26. Rg4 Rfd8 27. b4
Nb6 28. Qc1 Rd5 29. Bc3 Rh5 30. R1g2 Nd5 31. e4 Nxc3+ 32. Qxc3 Qd8 33. Rg5 Rxg5
34. Rxg5 Qd6 35. Ke3 Rd8 36. h4 h5 37. Qc5 Kg7 38. Qc3 Kg8 39. Qc5 Kg7 40. Qxd6
Rxd6 41. Kd3 b6 42. Kc4 f6 43. Rg2 Kf7 44. a4 Rd7 {Schwarz bietet Remis an.}
45. Rc2 Ke7 46. Ra2 Rb7 47. a5 Rd7 48. axb6 axb6 49. Ra8 Rd8 50. Ra6 Rb8 51.
Ra7+ Kf8 52. e5 fxe5 53. fxe5 Rd8 54. Rc7 b5+ 55. Kd3 Ra8 56. Rxc6 Ra3+ 57. Ke4
Rb3 58. Rxe6 Rxb4 59. Rxg6 Rb1 60. Rb6 b4 {Rest der Notation fehlt.} 1-0

[Event "4. Bayer Open"]
[Site "Leverkusen"]
[Date "2007.03.26"]
[Round "7"]
[White "Witte, Thomas"]
[Black "Bosbach, Jens"]
[Result "0-1"]
[WhiteElo "1657"]
[BlackElo "1867"]
[PlyCount "88"]
[EventDate "2007.??.??"]
[EventType "swiss"]
[EventRounds "7"]
[EventCountry "GER"]
[Source "Manfred Birnkot"]
[SourceDate "2007.03.26"]

1. e4 e6 2. d4 d5 3. e5 c5 4. c3 Qb6 5. Nf3 Nc6 6. a3 Bd7 7. b4 cxd4 8. cxd4
Rc8 9. Bb2 Nge7 10. Nbd2 Nf5 11. Nb3 a5 12. b5 Na7 13. a4 Bb4+ 14. Nfd2 O-O 15.
Bd3 Qd8 16. O-O Nh4 17. f4 f5 18. g3 {Weiss bietet Remis an.} Ng6 19. Nf3 Qe7
20. Ng5 h6 21. Nf3 b6 22. Nfd2 Rfd8 23. Qf3 Rc7 24. g4 Qf7 25. gxf5 exf5 26.
Kh1 Bc3 27. Rab1 Bxb2 28. Rxb2 Rdc8 29. Qh5 Nxe5 30. Qxf7+ Nxf7 31. Ra1 Kf8 32.
Rbb1 Rc3 33. Bf1 R8c7 34. Rc1 Nc8 35. Rxc3 Rxc3 36. Rc1 Rxc1 37. Nxc1 Ncd6 38.
Ne2 Ne4 39. Nf3 Nfd6 40. Ne5 Be8 41. h4 Ke7 42. Kg2 Bh5 43. Nf3 Nc4 44. Ng3
Ne3+ 0-1

[Event "4. Bayer Open"]
[Site "Leverkusen"]
[Date "2007.03.26"]
[Round "7"]
[White "Jankowiak, Frank"]
[Black "Romaker, Johann"]
[Result "1/2-1/2"]
[WhiteElo "1694"]
[BlackElo "1863"]
[PlyCount "144"]
[EventDate "2007.??.??"]
[EventType "swiss"]
[EventRounds "7"]
[EventCountry "GER"]
[Source "Manfred Birnkot"]
[SourceDate "2007.03.26"]

1. e4 c6 2. d4 d5 3. Nc3 dxe4 4. Nxe4 Nd7 5. Nf3 Ngf6 6. Bd3 Nxe4 7. Bxe4 Nf6
8. Bd3 Bg4 9. Bd2 Bxf3 10. Qxf3 Qxd4 11. Bc3 Qg4 12. Qxg4 Nxg4 13. h3 Nf6 14.
O-O-O e6 15. g4 Nd5 16. Be5 O-O-O 17. Rhe1 Nb4 18. Bc4 b5 19. Rxd8+ Kxd8 20.
Rd1+ Kc8 21. Bb3 Rg8 22. c4 bxc4 23. Bxc4 Bc5 24. a3 Nd5 25. Ba6+ Kd7 26. Bg3
g5 27. Rd3 Bd6 28. Bxd6 Kxd6 29. Rb3 Rd8 30. Rb7 Rd7 31. Rb8 Nf4 32. Bf1 c5 33.
Kc2 Kd5 34. Rh8 f6 35. Rf8 Ke5 36. Rc8 Kd4 37. Rf8 Nd5 38. Bb5 Rc7 39. Rd8 Ke5
40. Bc4 Nb6 41. Kc3 Nd5+ 42. Kc2 Kd4 43. b3 Rf7 44. Re8 Ke5 45. Bxd5 Kxd5 46.
Kd3 f5 47. Rd8+ Kc6 48. gxf5 exf5 49. Rg8 Rd7+ 50. Ke3 h6 51. Rg6+ Rd6 52. Rg7
a6 53. f4 Kd5 54. fxg5 hxg5 55. Rxg5 Ke5 56. h4 Rb6 57. b4 cxb4 58. axb4 Rxb4
59. h5 a5 60. Rg6 f4+ 61. Kf3 Kf5 62. Ra6 Rb3+ 63. Kf2 Kg4 64. Rxa5 Rb2+ 65.
Kf1 Kg3 66. h6 Rb1+ 67. Ke2 f3+ 68. Ke3 Re1+ 69. Kd2 Re8 70. h7 f2 71. Rf5 Rh8
72. Ke2 Rxh7 1/2-1/2

[Event "4. Bayer Open"]
[Site "Leverkusen"]
[Date "2007.03.26"]
[Round "7"]
[White "Erdmann, Kristian"]
[Black "Schipp, Cyrill"]
[Result "0-1"]
[WhiteElo "1559"]
[BlackElo "1820"]
[PlyCount "69"]
[EventDate "2007.??.??"]
[EventType "swiss"]
[EventRounds "7"]
[EventCountry "GER"]
[Source "Manfred Birnkot"]
[SourceDate "2007.03.26"]

1. e4 c5 2. Nf3 e6 3. d4 cxd4 4. Nxd4 a6 5. Bd3 Qb6 6. Nb3 Qc7 7. O-O Nf6 8.
Nc3 Be7 9. Be3 d6 10. Qe2 Nbd7 11. f4 b6 12. h3 Bb7 13. Qf2 Nc5 14. Bxc5 dxc5
15. Qe2 b5 16. e5 c4 17. exf6 cxd3 18. fxg7 Rg8 19. cxd3 Rxg7 20. Rf2 {
Weiss bietet Remis an.} Bh4 21. Rf3 Ke7 22. Ne4 Rag8 23. g4 f5 24. Nec5 Qb6 25.
Re3 Bd5 26. Nd4 Rxg4+ 27. hxg4 Rxg4+ 28. Qxg4 fxg4 29. Ndxe6 Kf7 30. d4 Qa5 31.
Ng5+ Bxg5 32. fxg5 Qd2 33. Rf1+ Kg6 34. Rf6+ Kxg5 35. Ne6+ 0-1

[Event "4. Bayer Open"]
[Site "Leverkusen"]
[Date "2007.03.26"]
[Round "7"]
[White "Wehr, Günter"]
[Black "Friedsam, Manfred"]
[Result "0-1"]
[WhiteElo "1555"]
[BlackElo "1804"]
[PlyCount "112"]
[EventDate "2007.??.??"]
[EventType "swiss"]
[EventRounds "7"]
[EventCountry "GER"]
[Source "Manfred Birnkot"]
[SourceDate "2007.03.26"]

1. e4 e6 2. d4 d5 3. e5 c5 4. c3 Nc6 5. Nf3 Qb6 6. a3 Nge7 7. dxc5 Qxc5 8. Be3
Qa5 9. b4 Qc7 10. Bd4 Ng6 11. Bb5 Bd7 12. Bxc6 bxc6 13. O-O c5 14. bxc5 Bxc5
15. Re1 Rb8 16. Nbd2 O-O 17. Nf1 Rb6 18. Ne3 Ra6 19. a4 Rb8 20. h4 Bxd4 21.
cxd4 Rb4 22. h5 Nf8 23. Ng4 Rbxa4 24. Rc1 Rc4 25. Rxc4 Qxc4 26. Ng5 Ra3 27. Ne3
Qc3 28. Nc2 Ra2 29. Re3 Qxc2 30. Qf3 Be8 31. h6 Ra1+ 32. Kh2 Qg6 33. Qg4 Qf5
34. Qh4 Ng6 35. Qg3 Qf4 36. hxg7 Qxg3+ 37. Rxg3 Kxg7 38. Rh3 h6 39. Nf3 a5 40.
g4 Ra2 41. Kg3 Ra3 42. Rh5 a4 43. g5 hxg5 44. Rxg5 Rd3 45. Rh5 a3 46. Rh1 Ne7
47. Ra1 Bb5 48. Kg2 Bc4 49. Ne1 Rc3 50. f3 a2 51. Kg3 Nf5+ 52. Kg4 Nxd4 53. f4
Nc2 54. Nxc2 Rxc2 55. Rg1 Rb2 56. Kh5+ Kf8 0-1

[Event "4. Bayer Open"]
[Site "Leverkusen"]
[Date "2007.03.26"]
[Round "7"]
[White "Runte, Dirk"]
[Black "Schreiber, Gudrun"]
[Result "1-0"]
[WhiteElo "1683"]
[BlackElo "1311"]
[PlyCount "135"]
[EventDate "2007.??.??"]
[EventType "swiss"]
[EventRounds "7"]
[EventCountry "GER"]
[Source "Manfred Birnkot"]
[SourceDate "2007.03.26"]

1. d4 Nf6 2. c4 e5 3. dxe5 Ne4 4. Nf3 b6 5. Qd5 Bb4+ 6. Nbd2 Bb7 7. Qxb7 Nc6 8.
Qa6 Nc5 9. Qb5 a6 10. Qxc5 Bxc5 11. a3 O-O 12. e3 Re8 13. b4 Be7 14. Bb2 d6 15.
Be2 dxe5 16. Nxe5 Nxe5 17. Bxe5 Bf6 18. Bxf6 Qxf6 19. O-O Rad8 20. Nf3 Re7 21.
Rfe1 Red7 22. h3 Kf8 23. Kf1 h5 24. Kg1 h4 25. a4 a5 26. bxa5 bxa5 27. Rab1 Rd6
28. Nd4 Rb6 29. Rb5 Rxb5 30. cxb5 Qb6 31. Rc1 Qd6 32. Rc6 Qb4 33. Rc4 Qe1+ 34.
Bf1 Rd7 35. Nf3 Qa1 36. Nd4 Ke8 37. Rc5 Qxa4 38. b6 c6 39. Rxc6 Kd8 40. Rc4 Qa3
41. Nc6+ Ke8 42. Rxh4 f6 43. Re4+ Kf7 44. b7 Rxb7 45. Nd8+ Kf8 46. Nxb7 Qa2 47.
Rd4 a4 48. Nc5 a3 49. Bc4 Qc2 50. Nd3 Qb1+ 51. Kh2 a2 52. Bxa2 Qxa2 53. g3 Kf7
54. Kg2 Qa8+ 55. f3 Qa2+ 56. Nf2 Qe2 57. Rd3 Ke6 58. g4 g5 59. Rd4 Kf7 60. Re4
Qb5 61. f4 gxf4 62. exf4 Kg6 63. f5+ Kg5 64. Re3 Qd5+ 65. Rf3 Qe5 66. h4+ Kxh4
67. Rh3+ Kg5 68. Rh5+ 1-0

[Event "4. Bayer Open"]
[Site "Leverkusen"]
[Date "2007.03.26"]
[Round "7"]
[White "Granz, Thomas"]
[Black "Stolzenberg, Peter"]
[Result "1/2-1/2"]
[WhiteElo "1687"]
[BlackElo "1495"]
[PlyCount "119"]
[EventDate "2007.??.??"]
[EventType "swiss"]
[EventRounds "7"]
[EventCountry "GER"]
[Source "Manfred Birnkot"]
[SourceDate "2007.03.26"]

1. e4 d5 2. exd5 Qxd5 3. Nc3 Qa5 4. d4 Nf6 5. Be2 Bf5 6. Bd2 c6 7. Nf3 Nbd7 8.
O-O e6 9. Re1 Qc7 10. Ne5 Bd6 11. f4 O-O 12. Bf3 Rad8 13. Rc1 Qb6 14. Ne2 Nxe5
15. fxe5 Bxe5 16. c3 Qxb2 17. dxe5 Rxd2 18. Qa4 Qb6+ 19. Kh1 Nd5 20. c4 Nb4 21.
c5 Qb5 22. Qxb5 cxb5 23. Red1 Rfd8 24. Rxd2 Rxd2 25. Ng3 Nc6 26. Nxf5 exf5 27.
a3 Rd7 28. Kg1 Nxe5 29. Be2 a6 30. Kf2 Nd3+ 31. Bxd3 Rxd3 32. c6 bxc6 33. Rxc6
Kf8 34. Rxa6 Ke7 35. Ra5 Kf6 36. Ke2 Rb3 37. h3 g5 38. a4 bxa4 39. Rxa4 h5 40.
Ra6+ Kg7 41. Ra5 Kg6 42. Ra6+ f6 43. Kf2 h4 44. Ra8 Rg3 45. Rh8 Ra3 46. Rg8+
Kf7 47. Rb8 g4 48. hxg4 fxg4 49. Rh8 g3+ 50. Kf1 Ra4 51. Ke2 Kg6 52. Kf3 Kg5
53. Rg8+ Kf5 54. Rh8 Ra3+ 55. Ke2 Ra2+ 56. Kf3 Ra4 57. Rh7 Kg6 58. Rh8 Kf5 59.
Rh7 Rf4+ 60. Ke2 $19 1/2-1/2

[Event "4. Bayer Open"]
[Site "Leverkusen"]
[Date "2007.03.26"]
[Round "7"]
[White "Witte, Volker"]
[Black "Heilmann, Bernhard"]
[Result "1/2-1/2"]
[WhiteElo "1644"]
[BlackElo "1506"]
[PlyCount "70"]
[EventDate "2007.??.??"]
[EventType "swiss"]
[EventRounds "7"]
[EventCountry "GER"]
[Source "Manfred Birnkot"]
[SourceDate "2007.03.26"]

1. d4 c5 2. d5 e6 3. c4 exd5 4. cxd5 d6 5. Nc3 g6 6. e4 Bg7 7. Bd3 Nd7 8. Nge2
Ne5 9. Bc2 Bd7 10. O-O Qc7 11. f4 Nc4 12. Bd3 b5 13. b3 b4 14. Bxc4 bxc3 15.
Qc2 Qa5 16. Be3 Bg4 17. Rf2 Bxe2 18. Qxe2 Nf6 19. Bb5+ Kd8 20. Bc6 Rb8 21. e5
Ne4 22. exd6 Nxd6 23. f5 Nxf5 24. Rxf5 gxf5 25. Bg5+ Kc8 26. Re1 Bd4+ 27. Kf1
Rg8 28. Qe7 Qa6+ 29. Re2 Rb7 30. Bxb7+ Qxb7 31. Qxb7+ Kxb7 32. Bf4 Rd8 33. Re7+
Ka6 34. d6 c2 35. Re2 Rxd6 1/2-1/2

[Event "4. Bayer Open"]
[Site "Leverkusen"]
[Date "2007.03.26"]
[Round "7"]
[White "Axmann, Michael"]
[Black "van Hove, Ode"]
[Result "1-0"]
[WhiteElo "1742"]
[BlackElo "1524"]
[PlyCount "117"]
[EventDate "2007.??.??"]
[EventType "swiss"]
[EventRounds "7"]
[EventCountry "GER"]
[Source "Manfred Birnkot"]
[SourceDate "2007.03.26"]

1. d4 Nf6 2. Nd2 d5 3. e3 Bg4 4. f3 Bf5 5. Ne2 c6 6. c4 e6 7. Ng3 Bg6 8. Qb3
Qc7 9. Bd3 Bxd3 10. Qxd3 Bd6 11. f4 O-O 12. O-O Re8 13. Nf3 Nbd7 14. Bd2 dxc4
15. Qxc4 Nb6 16. Qe2 Nbd5 17. Ne5 Qe7 18. e4 Nb6 19. Ng4 Bc7 20. Nxf6+ Qxf6 21.
e5 Qg6 22. Ne4 Rad8 23. Bc3 Rd5 24. Rf3 Qh5 25. Nf6+ gxf6 26. Rg3+ Qg6 27.
Rxg6+ fxg6 28. Rf1 Nd7 29. Rf3 f5 30. Rd3 Bb6 31. g4 Rf8 32. b4 a6 33. h4 Rf7
34. Kf2 Kh8 35. Ke3 Nf8 36. h5 Rg7 37. Be1 Rgd7 38. Bc3 Rg7 39. Qh2 Rdd7 40.
Qh4 Bd8 41. Qh3 Rdf7 42. Be1 Be7 43. a3 Bd8 44. Kd2 a5 45. Kc3 axb4+ 46. axb4
Rd7 47. hxg6 Nxg6 48. Bg3 fxg4 49. Qh6 Rdf7 50. Rd1 Nf8 51. Ra1 Rg6 52. Qh2 Nd7
53. Ra8 Rf8 54. Ra7 Nb6 55. Rxb7 Nd5+ 56. Kd3 Rg7 57. Rxg7 Kxg7 58. Ke4 Nxb4
59. Qh5 1-0

[Event "4. Bayer Open"]
[Site "Leverkusen"]
[Date "2007.03.26"]
[Round "7"]
[White "Bauer, Matthias"]
[Black "Hasanovic, Huzeir"]
[Result "1-0"]
[WhiteElo "1490"]
[BlackElo "1616"]
[PlyCount "107"]
[EventDate "2007.??.??"]
[EventType "swiss"]
[EventRounds "7"]
[EventCountry "GER"]
[Source "Manfred Birnkot"]
[SourceDate "2007.03.26"]

1. b3 e5 2. Bb2 d6 3. c4 Nc6 4. e3 Nf6 5. Nf3 Bg4 6. Be2 Be7 7. O-O h5 8. d4 e4
9. Ng5 Nb4 10. d5 Nd3 11. Bd4 Qd7 12. Nxe4 Ne5 13. Nbd2 Qf5 14. Nxf6+ Bxf6 15.
f3 Qg6 16. fxg4 hxg4 17. g3 Kd7 18. Rf2 Rh3 19. Bxe5 Bxe5 20. Bxg4+ Ke7 21.
Bxh3 Rh8 22. Bf5 Qf6 23. Be6 Qh6 24. Rxf7+ Ke8 25. Rf2 Bxg3 26. Bf7+ Kd8 27.
Qh5 Bxf2+ 28. Kg2 Qxh5 29. Bxh5 Bxe3 30. Nf1 Bd4 31. Rd1 Be5 32. Bg4 Rf8 33.
Ng3 Rf4 34. Be6 Rh4 35. Rf1 Bf6 36. Nf5 Rg4+ 37. Kf3 Rg5 38. h4 Rh5 39. Rg1 Rh7
40. Rg6 Ke8 41. Kg4 Kf8 42. h5 a5 43. h6 b6 44. hxg7+ Bxg7 45. Rxg7 Rxg7+ 46.
Nxg7 Kxg7 47. Kf5 Kf8 48. Kf6 Ke8 49. Bc8 Kf8 50. Bd7 Kg8 51. Ke7 Kg7 52. Kd8
Kf6 53. Kxc7 Ke5 54. Kxb6 1-0

[Event "4. Bayer Open"]
[Site "Leverkusen"]
[Date "2007.03.26"]
[Round "7"]
[White "Azimi, Reza"]
[Black "Kolleck, Wolf-Dieter"]
[Result "1/2-1/2"]
[WhiteElo "1437"]
[BlackElo "1582"]
[PlyCount "113"]
[EventDate "2007.??.??"]
[EventType "swiss"]
[EventRounds "7"]
[EventCountry "GER"]
[Source "Manfred Birnkot"]
[SourceDate "2007.03.26"]

1. e4 e5 2. Nf3 d6 3. Bc4 Be7 4. d4 exd4 5. Qxd4 Nf6 6. Nc3 O-O 7. b3 Ng4 8.
Nd5 Nc6 9. Qc3 Bf6 10. Nxf6+ Qxf6 11. Bb2 Qxc3+ 12. Bxc3 Nge5 13. Be2 f6 14.
O-O-O a5 15. Nd4 a4 16. Nxc6 bxc6 17. f4 Ng4 18. Bxg4 Bxg4 19. Rdg1 axb3 20.
axb3 Be6 21. f5 Bd7 22. h4 Rfe8 23. Re1 c5 24. Rh3 Bc6 25. Rg3 Kf7 26. Rge3 Re7
27. Kd2 Rae8 28. g4 Bxe4 29. Bb2 d5 30. c3 Rb8 31. b4 cxb4 32. cxb4 c5 33. Ra1
Rxb4 34. Ba3 Ra4 35. Ree1 Rb7 36. Bxc5 Rb2+ 37. Ke3 Rb3+ 38. Kf2 Rc4 39. Ra7+
Ke8 40. Ra8+ Kd7 41. Bf8 Rf3+ 42. Kg1 Rg3+ 43. Kf2 Rg2+ 44. Kf1 Rc7 45. Rxe4
dxe4 46. Kxg2 g6 47. Kf2 Rc3 48. Bg7 gxf5 49. gxf5 Rf3+ 50. Ke2 Rxf5 51. Ke3
Ke6 52. Kxe4 Re5+ 53. Kf4 Kf7 54. Bh8 Rb5 55. Ra7+ Kg6 56. Ra6 Rf5+ 57. Kg4
1/2-1/2

[Event "4. Bayer Open"]
[Site "Leverkusen"]
[Date "2007.03.26"]
[Round "7"]
[White "Hingst, Dieter Max"]
[Black "Fröhling, Ewald"]
[Result "0-1"]
[WhiteElo "917"]
[BlackElo "1546"]
[PlyCount "62"]
[EventDate "2007.??.??"]
[EventType "swiss"]
[EventRounds "7"]
[EventCountry "GER"]
[Source "Manfred Birnkot"]
[SourceDate "2007.03.26"]

1. e4 c5 2. Nf3 e6 3. Nc3 d5 4. exd5 exd5 5. d4 c4 6. Ne5 Nf6 7. Qf3 Bb4 8. g4
O-O 9. Bd2 Nc6 10. Nxc6 bxc6 11. a3 Re8+ 12. Be2 Bxg4 13. Qg3 Bxc3 14. bxc3
Rxe2+ 15. Kd1 Re3+ 16. Qxg4 Nxg4 17. Bxe3 Qf6 18. Re1 h6 19. h4 Re8 20. Kd2
Nxe3 21. fxe3 Rb8 22. h5 Rb2 23. Rf1 Qg5 24. Rf2 Qxh5 25. Raf1 Qg6 26. Kc1 Ra2
27. Kb1 Rxa3 28. Kb2 Ra5 29. Rxf7 Qxf7 30. Rxf7 Kxf7 31. Kc1 h5 0-1

[Event "4. Bayer Open"]
[Site "Leverkusen"]
[Date "2007.03.26"]
[Round "7"]
[White "Buchfelder, Gerhard"]
[Black "Liebsch, Conrad"]
[Result "1-0"]
[WhiteElo "1497"]
[BlackElo "1270"]
[PlyCount "57"]
[EventDate "2007.??.??"]
[EventType "swiss"]
[EventRounds "7"]
[EventCountry "GER"]
[Source "Manfred Birnkot"]
[SourceDate "2007.03.26"]

1. d4 d5 2. c4 dxc4 3. e3 Nf6 4. Bxc4 Bf5 5. Nc3 e6 6. Nge2 Bb4 7. O-O O-O 8.
f3 h6 9. e4 Bh7 10. Be3 Nc6 11. Qe1 a6 12. Qg3 Kh8 13. Rad1 b5 14. Bd3 Be7 15.
a3 Nh5 16. Qh3 Bg6 17. g4 Nf6 18. g5 Nh7 19. gxh6 Bg5 20. hxg7+ Kxg7 21. f4 Be7
22. f5 exf5 23. exf5 Ng5 24. Bxg5 Bxg5 25. fxg6 Rh8 26. Rxf7+ Kg8 27. Rh7 Bf6
28. Rxh8+ Bxh8 29. Qh7+ 1-0

[Event "4. Bayer Open"]
[Site "Leverkusen"]
[Date "2007.03.26"]
[Round "7"]
[White "Reiter, Ute"]
[Black "Seelig, Jochen"]
[Result "0-1"]
[WhiteElo "1086"]
[BlackElo "1333"]
[PlyCount "94"]
[EventDate "2007.??.??"]
[EventType "swiss"]
[EventRounds "7"]
[EventCountry "GER"]
[Source "Manfred Birnkot"]
[SourceDate "2007.03.26"]

1. e4 b6 2. Nc3 Bb7 3. d3 e6 4. Nf3 Nf6 5. Bg5 Be7 6. Qd2 d6 7. Be2 h6 8. Be3
Ng4 9. d4 Nd7 10. d5 e5 11. h3 Nxe3 12. Qxe3 Bg5 13. Nxg5 Qxg5 14. Qxg5 hxg5
15. Nb5 Kd8 16. O-O-O a6 17. Nc3 Nc5 18. b4 Nd7 19. a3 a5 20. b5 Nc5 21. a4 Ke7
22. Kd2 Rh7 23. Bg4 Bc8 24. Bxc8 Rxc8 25. Rh2 Rch8 26. Rdh1 g4 27. h4 g5 28. g3
gxh4 29. Rxh4 Rxh4 30. Rxh4 Rxh4 31. gxh4 Kf6 32. Ke2 Kg6 33. f3 Kh5 34. fxg4+
Kxg4 35. h5 Kxh5 36. Kf3 Kg5 37. Kg3 f5 38. exf5 Kxf5 39. Kf3 e4+ 40. Ke3 Ke5
41. Kf2 Kd4 42. Ne2+ Kxd5 43. Ke3 Kc4 44. Kd2 Nxa4 45. Nc1 Nc3 46. Nb3 a4 47.
Nc1 d5 0-1